Basic concepts and models for interpreter and translator training

Saved in:
Bibliografiske detaljer
Hovedforfatter: Gile, Daniel (Author)
Format: Bog
Sprog:engelsk
Udgivet: Amsterdam John Benjamins 1995
Serier:Benjamins Translation Library, 8
Fag:
Tags: Tilføj Tag
Ingen Tags, Vær først til at tagge denne postø!

MARC

LEADER 00000nam a2200000 a 4500
001 UCR6082
003 CL-VaPUC
008 980420e19950000NE |||||||||||||||||eng|d
082 0 4 |a 418.02  |b GIL  |2 21 
100 |a Gile, Daniel  |e author  |9 622160 
245 1 0 |a Basic concepts and models for interpreter and translator training 
300 |a 277 p 
942 |c BK 
945 |d 19980420 00:00:00  |a rleighto 
260 |a Amsterdam  |b John Benjamins  |c 1995 
650 0 |a Inglés  |9 260023 
650 0 |a Traducción   |9 357261 
650 0 |a Interpretación   |9 258846 
650 7 |a TRADUCTOR  |2 CL-VaPUC  |9 407203 
650 0 |a Comunicación   |9 257251 
583 |a last modification  |c 19980420 00:00:00  |k Rodrigo Vera 
490 0 |a Benjamins Translation Library, 8 
999 |c 268391  |d 268389 
952 |0 0  |1 0  |4 0  |6 418_020000000000000_GIL_1995  |7 0  |8 A  |9 301530  |a BIBEDU  |b BIBEDU  |d 2019-11-20  |i 391223K  |o 418.02 GIL 1995  |p 391223K  |r 2019-11-20  |w 2019-11-20  |y BK  |k LIT 
952 |0 0  |1 0  |4 0  |6 418_020000000000000_GIL_1995  |7 0  |8 A  |9 301531  |a BIBEDU  |b BIBEDU  |d 2019-11-20  |i 4007026  |o 418.02 GIL 1995  |p 4007026  |r 2019-11-20  |w 2019-11-20  |y BK  |k CIT